| 000 | 02206cam a22003978i 4500 | ||
|---|---|---|---|
| 001 | 23203271 | ||
| 003 | OSt | ||
| 005 | 20260119091419.0 | ||
| 008 | 230627s2023 nju b 001 0 eng | ||
| 010 | _a 2023030057 | ||
| 020 |
_a9781683674290 _q(paperback) |
||
| 035 | _a23203271 | ||
| 040 |
_aDNLM/DLC _beng _erda _cDLC _dDLC |
||
| 042 | _apcc | ||
| 050 | 0 | 0 |
_aQR46 _b.M36 2023 |
| 060 | 0 | 0 | _aQW 4 |
| 082 | 0 | 0 |
_a616.9/041 _223/eng/20231121 |
| 245 | 0 | 0 |
_aManual of clinical microbiology / _ceditors-in-chief, Karen C. Carroll, Michael A. Pfaller ; volume editors, James A. Karlowsky, Marie Louise Landry, Alexander J. McAdam, Robin Patel, Bobbi S. Pritt. |
| 250 | _a13th edition. | ||
| 263 | _a2312 | ||
| 264 | 1 |
_aHoboken, NJ : _bWiley ; _aWashington, DC : ASM Press, _c[2023] |
|
| 300 | _apages cm | ||
| 336 |
_atext _btxt _2rdacontent |
||
| 337 |
_aunmediated _bn _2rdamedia |
||
| 338 |
_avolume _bnc _2rdacarrier |
||
| 504 | _aIncludes bibliographical references and index. | ||
| 520 |
_a"Most authoritative reference in the field of clinical microbiology setting the standard for state-of-the-art laboratory practices. It is a valuable resource for researchers, practitioners, and public health experts (basic, translational) to understand clinical microbiology from the practice point of view. Yet again revised by a collaborative, international, interdisciplinary team of editors and authors, this edition covers applications and diagnostic methods ranging from genomic and proteomic analyses to presenting the entire range of infectious agents in human health as well as safety guidelines. It presents the numerous microbial taxonomic changes. This edition features new chapters on Salmonella; E. coli and Shigella; Morganellaceae, Erwiniaceae, Hafniaceae and Selected Enterobacterales; and Diagnostic Stewardship"-- _cProvided by publisher. |
||
| 650 | 1 | 2 | _aMicrobiological Phenomena |
| 650 | 2 | 2 | _aMicrobiological Techniques |
| 700 | 1 |
_aCarroll, Karen C., _eeditor. |
|
| 700 | 1 |
_aPfaller, Michael A., _eeditor. |
|
| 710 | 2 |
_aAmerican Society for Microbiology, _eissuing body. |
|
| 906 |
_a7 _bcbc _corignew _d1 _eecip _f20 _gy-gencatlg |
||
| 942 |
_2lcc _cBK |
||
| 999 |
_c21058 _d21057 |
||